Score 0/18 Timer 03:00
0 Plays Today
Title Missing Word % Correct
American Crime Story: The People v. O.J. ___ Simpson
93.9%
Criminal ___ : Beyond BordersMinds
87.1%
___ WeaponLethal
85.2%
___ with a PlanMan
84.9%
___ GothicAmerican
82%
The ___ IndoorsGreat
77.3%
Little ___ ShotsBig
76.8%
Fuller ___House
76.5%
This Is ___Us
69.6%
Title Missing Word % Correct
Shades of ___Blue
60.7%
Full ___ with Samantha BeeFrontal
60.3%
Designated ___Survivor
55.9%
___ ThingsStranger
55.5%
The ___ ManagerNight
44.5%
The ___ PopeYoung
44.1%
Luke ___Cage
39.7%
___ of ZornSon
30.1%
Legends of ___Tomorrow
26.2%

Today's Daily Dose

Remove Ads.
Support Sporcle.
Get the best of Sporcle when you Go Orange. This ad-free experience offers more features, more stats, and more fun while also helping to support Sporcle. Thank you for becoming a member.

You're not logged in!

Compare scores with friends on all Sporcle quizzes.
OR
Log In

Show Comments

Extras

Top Quizzes Today


Score Distribution

Your Account Isn't Verified!

In order to create a playlist on Sporcle, you need to verify the email address you used during registration. Go to your Sporcle Settings to finish the process.

Report this User

Report this user for behavior that violates our Community Guidelines.

Details: